Normal view
MARC view
Entry Personal Name
001 - CONTROL NUMBER
- control field: 17058
003 - CONTROL NUMBER IDENTIFIER
- control field: BD-RjUL
005 - DATE AND TIME OF LATEST TRANSACTION
- control field: 20251006115809.0
008 - FIXED-LENGTH DATA ELEMENTS
- fixed length control field: 251006|| aca||aabn | a|a d
040 ## - CATALOGING SOURCE
- Original cataloging agency: BD-RjUL
- Transcribing agency: BD-RjUL
100 ## - HEADING--PERSONAL NAME
- Personal name: Defensor,
- Dates associated with a name: active 7th century
670 ## - SOURCE DATA FOUND
- Source citation: Work cat.: (BD-RjUL)85787: Defensor, active 7th century., Defensor's liber scintillarum :, 1987.